000 00501nam a2200181Ia 4500
001 9429
005 20260306161718.0
008 260306t2017||||xx |||||||||||||| ||spa||
041 _aESP
082 _a378.9892
_bC266
100 _aCoppari, Norma,
_eAUT
245 0 _aPerfiles de la cultura científica en Paraguay desde la percepción de sus actores :
_bcuatro aproximaciones
260 _c2017
300 _a155 páginas :
_c21 cm.
650 _aGEN
654 _aCED
942 _cLIB
_dJUS
_fJUS
_2ddc
_n
999 _c9429
_d9429